000 00363nam a2200133Ia 4500
008 230704s9999 xx 000 0 und d
020 _a9789392019142
100 _aGIRI, SAKUNTALA
245 0 _aAPPLIED PSYCHOLOGY FOR BSC NURSING
260 _bBOOKERA PUBLISHERS & DISTRIBUTORS, JAIPUR
_c2021
300 _a236
650 _aAnatomy & Physiology
942 _cBK
999 _c216000
_d216000